00989nam a2200229 a 450000100100000000500170001000800410002704000250006808200150009310000320010824501030014026000760024330000310031950000620035070000320041270000280044470000290047204900090050195201190051095201130062999900170074200002650220200930030245.0110322s1999 dr c 000 0 spa d aDO-SdBNPbspacBNPHU axxxbH557o1 aHernández, Cristina9960010aOrganizaciones comunitarias y democracia /cCristina Hernández, Fausto Pimentel, Mayra, Tavarez. a[s.l.] :bGrupo de Investigación para la Acción Comunitaria,c1999. a120 p. :bretrs. ;c21 cm. aIncluye datos biográficos de los autores en las solapas1 aHernández, Cristina996001 aPimentel, Fausto9535741 aTaveras H., Mayra953575 aBNPD 0010718PDaPDbPDcCTd2011-03-22iLF1l0oxxx H557op26502-10r2020-06-25te. 2w2020-06-25yLFPDZNo se presta 0010718PDaPDbPDcCTd2011-03-22iLF1l0oxxx H557op26502-20r2020-06-25w2020-06-25yLFPDZNo se presta c25994d25994